000 00229nam a2200097Ia 4500
005 20251222114407.0
008 251222s1900||||xx |||||||||||||| ||spa||
082 _aDVD0099/B94/T.2
245 0 _aOrĂ­genes del hombre 4-8:
942 _cDVD
999 _c1886
_d1886